000 00689nam a2200229Ia 4500
003 GCL
008 140319s9999 xx 000 0 ara d
040 _aGCL /
_cGCL
082 0 4 _a320.5
_bع ت
100 1 _aعبدالحميد البطريق
245 1 0 _aالتيارات السياسية المعاصرة 1870_ 1965 /
_cعبدالحميد البطريق
260 _a[S.N] :
_bدار الفكر العربى
300 _a493 ص
490 _a
650 0 4 _aالسياسة الدولية
650 0 4 _aالحروب
650 0 4 _aالمذاهب السياسية
650 0 4 _aالعالم
650 0 4 _aالقرن العشرين
650 0 4 _aاوربا
942 _2ddc
_cBK
999 _c32261
_d32261